[Event "Sachsen-ch U16"]
[Site "Sebnitz"]
[Date "2009.04.17"]
[Round "5"]
[White "Grumpelt, Rico"]
[Black "Grunwald, Martin"]
[Result "0-1"]
[WhiteElo "1264"]
[BlackElo "1588"]
[PlyCount "72"]
[EventDate "2009.04.14"]
[EventType "swiss"]
[EventRounds "7"]
[EventCountry "GER"]
[SourceTitle "EXT 2010"]
[Source "ChessBase"]
[SourceDate "2010.11.25"]
[SourceVersion "1"]
[SourceVersionDate "2010.11.25"]
[SourceQuality "1"]

1. e4 e6 2. Nf3 d5 3. exd5 exd5 4. d4 Bd6 5. h3 Ne7 6. Bd3 Nbc6 7. c3 f6 8. Nbd2 Be6 9. Nf1 Qd7 10. Be3 0-0-0 11. Qc2 h5 12. Ng3 h4 13. Ne2 g5 14. 0-0-0 Nf5 15. Bd2 Rdg8 16. Rdg1 Nfe7 17. Ne1 Na5 18. f4 Nc4 19. Nf3 Nxd2 20. Qxd2 Qa4 21. Kb1 gxf4 22. Nxf4 Bf7 23. Bc2 Qb5 24. Nd3 Bg6 25. Re1 Be4 26. Re2 Bxf3 27. gxf3 Rg3 28. f4 Qd7 29. Re3 Rhg8 30. Nf2 Bxf4 31. Rxe7 Bxd2 32. Rxd7 Kxd7 33. Ng4 Bg5 34. Rf1 Rxh3 35. b3 Rxc3 36. Rxf6 Bxf6 0-1

[Event "Sachsen-ch U16"]
[Site "Sebnitz"]
[Date "2009.04.15"]
[Round "3"]
[White "Hoffmann, Jakob"]
[Black "Grumpelt, Rico"]
[Result "1/2-1/2"]
[WhiteElo "1191"]
[BlackElo "1264"]
[PlyCount "32"]
[EventDate "2009.04.14"]
[EventType "swiss"]
[EventRounds "7"]
[EventCountry "GER"]
[SourceTitle "EXT 2010"]
[Source "ChessBase"]
[SourceDate "2010.11.25"]
[SourceVersion "1"]
[SourceVersionDate "2010.11.25"]
[SourceQuality "1"]

1. e4 b6 2. d4 e6 3. Bd3 Bb7 4. c3 Nf6 5. Nd2 Be7 6. Ngf3 d5 7. e5 Ne4 8. Qc2 Nxd2 9. Bxd2 h6 10. 0-0 c6 11. b3 Nd7 12. c4 dxc4 13. bxc4 c5 14. dxc5 Bxf3 15. gxf3 Nxc5 16. Be4 Nxe4 1/2-1/2